The Making of Modern India ; (Record no. 210434)
[ view plain ]
| 000 -LEADER | |
|---|---|
| fixed length control field | 00631nam a22001937a 4500 |
| 005 - DATE AND TIME OF LATEST TRANSACTION | |
| control field | 20250324111258.0 |
| 010 ## - LCCN (DPL NO) | |
| LC control number | ENG-144128 |
| 020 ## - INTERNATIONAL STANDARD BOOK NUMBER | |
| International Standard Book Number | 9789391032654 |
| Terms of availability | 595.00 |
| 035 ## - SYSTEM CONTROL NUMBER | |
| System control number | EN-127660 |
| 037 ## - SOURCE OF ACQUISITION | |
| Source of stock number/acquisition | DBAD |
| 082 ## - DEWEY DECIMAL CLASSIFICATION NUMBER | |
| Classification number | 954 |
| Edition number | 1 |
| 100 ## - MAIN ENTRY--PERSONAL NAME | |
| Personal name | IAS,Gazal Bharadwaj |
| 245 ## - TITLE STATEMENT | |
| Title | The Making of Modern India ; |
| Statement of responsibility, etc | Gazal Bharadwaj ,IAS |
| Remainder of title | Amidst the making of Modern World |
| 250 ## - EDITION STATEMENT | |
| Edition statement | 1 |
| 260 ## - PUBLICATION, DISTRIBUTION, ETC. (IMPRINT) | |
| Place of publication, distribution, etc | Gurugram |
| Name of publisher, distributor, etc | Oak Bridge Publishing Pvt.Ltd. |
| Date of publication, distribution, etc | 2022 |
| 270 ## - ADDRESS | |
| Address | M35,1st Floor ,Old DLF, |
| City | Haryana |
| Telephone number | 91 1244305970 |
| Postal code | 122001 |
| Electronic mail address | www.oakbridge.in |
| 300 ## - PHYSICAL DESCRIPTION | |
| Extent | 440p |
| Dimensions | 24 cm(pb) |
| 942 ## - ADDED ENTRY ELEMENTS (KOHA) | |
| Source of classification or shelving scheme | Dewey Decimal Classification |
| Item type | English Books |
| Classification part | 954 |
| Call number suffix | BHA |
| Edition | 1 |
No items available.
